Nová opatření v sociálním zabezpečení

Saved in:
Bibliographic Details
Format: Book
Language:Czech
Published: Praha Práce 1985
Edition:1. vyd.
Tags: Add Tag
No Tags, Be the first to tag this record!

MARC

LEADER 00000nam a2200000 4500
001 c109915
005 20221220082035.5
041 0 |a cze 
044 |a CZ 
245 1 0 |a Nová opatření v sociálním zabezpečení 
250 |a 1. vyd. 
264 1 |a Praha  |b Práce  |c 1985 
300 |a 49 s.